| 000 | 00586nam a2200181Ia 4500 | ||
|---|---|---|---|
| 008 | 220726s9999||||xx |||||||||||||| ||und|| | ||
| 020 | _a9788122430059 | ||
| 082 | _a610 | ||
| 082 | _bRai/F | ||
| 100 | _aRai, Awani K. & Wal, Pranay & Wal, Ankita & Srivastava, Ashish & Sharma, Rajan | ||
| 245 | 0 | _aRai-Fundamentals of Objective Pharmacy: For B. Pharm- !st Semester; Prescribed by GNTU (Lucknow), MMTU (Noida) and Other University | |
| 250 | _a1st Edition | ||
| 260 | _aNew Delhi | ||
| 260 | _bNew Age International Publishers | ||
| 260 | _c2011 | ||
| 300 | _a212 | ||
| 942 | _cPB | ||
| 999 |
_c36143 _d36143 |
||